Proving Random Walk theory wrong

Bibliográfiai részletek
Szerző: Pászti György
További közreműködők: Vallyon Dr. Andrea
Dokumentumtípus: Diplomadolgozat
Kulcsszavak:Tőzsde
Random Walk hipotézis
Pénzügy
Gazdaság
Online Access:http://dolgozattar.uni-bge.hu/14928

MARC

LEADER 00000nta a2200000 i 4500
001 dolg14928
005 20200331044953.0
008 180423suuuu hu om 000 eng d
040 |a BGE Dolgozattár Repozitórium  |b hun 
041 |a en 
100 1 |a Pászti György 
245 1 0 |a Proving Random Walk theory wrong  |c Pászti György  |h [elektronikus dokumentum] 
246 1 1 |a Random Walk hipotézis cáfolata 
695 |a Tőzsde 
695 |a Random Walk hipotézis 
695 |a Pénzügy 
695 |a Gazdaság 
700 1 |a Vallyon Dr. Andrea  |e ths 
856 4 0 |u http://dolgozattar.uni-bge.hu/14928/1/Thesis%20-%20Proving%20Random%20Walk%20Theory%20Wrong%20%28updated%29.pdf  |z Dokumentum-elérés 
856 4 0 |u http://dolgozattar.uni-bge.hu/14928/2/P%C3%A1szti%20Gy%C3%B6rgy_bizalmas%20hat%C3%A1rozat.pdf  |z Dokumentum-elérés